|
|
|
|
| LEADER |
00917nam a22002417a 4500 |
| 001 |
AAL3741 |
| 003 |
BD-DhAAL |
| 005 |
20160427105503.0 |
| 008 |
160427s 1995cn a|||| |||| 00| 0 eng d |
| 020 |
|
|
|a 0669333220
|
| 040 |
|
|
|a BD-DhAAL
|c BD-DhAAL
|
| 082 |
|
|
|a 512
|
| 100 |
|
|
|a Levy, Benjamin N
|9 19304
|
| 245 |
|
|
|a Graphing calculator keystroke guide to accompany the Hubbard/Robinson algebra series /
|c Benjamin N Levy; Elaine Hubbard
|
| 260 |
|
|
|a Lexington, Mass. :
|b D.C. Heath,
|c ©1995.
|
| 300 |
|
|
|a 1 volume (various pagings) :
|b ill. ;
|c 24 cm
|
| 541 |
|
|
|e 3741
|
| 650 |
|
|
|a Algebra
|x Data processing.
|9 19305
|
| 700 |
|
|
|a Hubbard, Elaine
|9 19306
|
| 852 |
|
|
|a Savar Campus Library
|c General Shelf
|
| 942 |
|
|
|2 ddc
|c BK
|
| 999 |
|
|
|c 37494
|d 37494
|
| 952 |
|
|
|0 0
|1 0
|2 ddc
|4 0
|6 512_000000000000000_LEV
|7 0
|9 58869
|a SCL
|b SCL
|c GEN
|d 2016-04-27
|e Gift: The Asia Foundation
|l 0
|o 512 LEV
|p 3020003741
|r 2016-04-27
|t 1
|w 2016-04-27
|y BK
|